[Event "GER-chT U16"]
[Site "Bensdorf"]
[Date "2001.12.30"]
[Round "7.4"]
[White "Brandt, Tobias"]
[Black "Blumenstein, Marcus"]
[Result "0-1"]
[WhiteElo "1191"]
[BlackElo "1293"]
[PlyCount "80"]
[EventDate "2001.12.??"]
[EventType "team"]
[EventRounds "7"]
[EventCountry "GER"]
[SourceTitle "EXT 2003"]
[Source "ChessBase"]
[SourceDate "2002.11.25"]
[SourceVersion "1"]
[SourceVersionDate "2002.11.25"]
[SourceQuality "1"]

1. e4 e5 2. Nf3 Nc6 3. Bc4 Bc5 4. c3 Nf6 5. d4 exd4 6. cxd4 Bb4+ 7. Nc3 d6 8. 0-0 Bg4 9. d5 Ne5 10. Be2 Bxf3 11. Bxf3 0-0 12. Bg5 h6 13. Bh4 Bc5 14. a3 Re8 15. Nb5 a6 16. Bxf6 gxf6 17. Nd4 Bxd4 18. Qxd4 Nxf3+ 19. gxf3 Kh7 20. Kh1 Rg8 21. Rg1 Rg6 22. Rg3 Qe7 23. Rag1 Qe5 24. Qd3 Rag8 25. b4 Qb2 26. Qe3 Rxg3 27. fxg3 Rc8 28. f4 c5 29. e5 cxb4 30. Qe4+ Kg7 31. exd6 Rc2 32. Rg2 Rc1+ 33. Rg1 Rc2 34. Rg2 Rc1+ 35. Rg1 Rxg1+ 36. Kxg1 bxa3 37. Qa4 a2 38. d7 a1Q+ 39. Qxa1 Qxa1+ 40. Kg2 Qa2+ 0-1

[Event "GER-chT U16"]
[Site "Bensdorf"]
[Date "2001.12.29"]
[Round "6.3"]
[White "Brandt, Tobias"]
[Black "Tambolas, Goran"]
[Result "1-0"]
[WhiteElo "1191"]
[BlackElo "1266"]
[PlyCount "41"]
[EventDate "2001.12.??"]
[EventType "team"]
[EventRounds "7"]
[EventCountry "GER"]
[SourceTitle "EXT 2003"]
[Source "ChessBase"]
[SourceDate "2002.11.25"]
[SourceVersion "1"]
[SourceVersionDate "2002.11.25"]
[SourceQuality "1"]

1. e4 e5 2. Nf3 Nf6 3. Nxe5 d6 4. Nf3 Nxe4 5. d4 Be7 6. Bd3 Nf6 7. 0-0 0-0 8. Nc3 d5 9. Re1 Nc6 10. Bf4 a6 11. Qd2 Be6 12. h3 Bd6 13. Bg5 h6 14. Bh4 Be7 15. Re3 Nh5 16. Bxe7 Qxe7 17. Nxd5 Qd6 18. Nc3 Nxd4 19. Nxd4 c5 20. Nxe6 fxe6 21. Bh7+ 1-0

[Event "GER-chT U16"]
[Site "Bensdorf"]
[Date "2001.12.28"]
[Round "3.3"]
[White "Brandt, Tobias"]
[Black "Tsalikis, Clemens"]
[Result "1/2-1/2"]
[WhiteElo "1191"]
[BlackElo "1455"]
[PlyCount "45"]
[EventDate "2001.12.??"]
[EventType "team"]
[EventRounds "7"]
[EventCountry "GER"]
[SourceTitle "EXT 2003"]
[Source "ChessBase"]
[SourceDate "2002.11.25"]
[SourceVersion "1"]
[SourceVersionDate "2002.11.25"]
[SourceQuality "1"]

1. e4 c5 2. Nf3 d6 3. d4 cxd4 4. Nxd4 Nf6 5. Nc3 g6 6. f3 Bg7 7. Be3 0-0 8. Qd2 Nc6 9. Bc4 a6 10. 0-0-0 Qc7 11. Bb3 Na5 12. h4 Nxb3+ 13. axb3 h5 14. Rdg1 Qa5 15. Kb1 Bd7 16. g3 Qb4 17. g4 hxg4 18. fxg4 Nxg4 19. h5 Nxe3 20. hxg6 Qxd4 21. Qh2 fxg6 22. Qh7+ Kf7 23. Qxg6+ 1/2-1/2